Thermo Effect Examination of the Lithium-polymer Batteries during Discharge

Výskumné centrum automobilového priemyslu je zamerané na výskum elektrického pohonu vozidiel. Skúma sa kapacita a meniaca sa teplota počas vybíjania ultrakapacitných lítium-polymérových batérií, používaných v hybridných a elektrických vozidlách. Zmena teploty počas vybíjania závisí od prahu nízkeho...

Descripción completa

Guardado en:
Detalles Bibliográficos
Autor principal: Kocsis Szürke, Szabolcs
Otros Autores: Lakatos, István
Formato: Capítulo de libro
Lenguaje:inglés
Materias:
Etiquetas: Agregar Etiqueta
Sin Etiquetas, Sea el primero en etiquetar este registro!

MARC

LEADER 00000naa a2200000 4500
001 0288278
005 20260326123520.0
041 0 |a eng 
044 |a CZ 
245 1 0 |a Thermo Effect Examination of the Lithium-polymer Batteries during Discharge  |c Szabolcs Kocsis Szürke, István Lakatos 
520 |a Výskumné centrum automobilového priemyslu je zamerané na výskum elektrického pohonu vozidiel. Skúma sa kapacita a meniaca sa teplota počas vybíjania ultrakapacitných lítium-polymérových batérií, používaných v hybridných a elektrických vozidlách. Zmena teploty počas vybíjania závisí od prahu nízkeho napätia. 
610 2 0 |a testy 
610 2 0 |a priemysel automobilový 
610 2 0 |a výskum 
610 2 0 |a ekologizácia 
610 2 0 |a batérie elektrické 
100 1 |a Kocsis Szürke, Szabolcs 
700 1 |a Lakatos, István